| 000 | 00809nmm a2200277 a 4500 | ||
|---|---|---|---|
| 001 | ocm0001257007 | ||
| 003 | TR-IsHL | ||
| 005 | 20201028160850.0 | ||
| 008 | 160715s2006 tu tur | ||
| 007 | cr cn | ||
| 020 | _a9789756335079 | ||
| 035 |
_a1257007 _b(N$T) |
||
| 050 | 0 | 4 |
_aDS156.P5 _bB56 2006 |
| 090 | 0 | 4 |
_aDS156.P5 _bB56 2006 |
| 100 | 1 | _aBingöl, Zekeriya | |
| 245 | 1 | 0 |
_aFrig Vadisi _h[electronic resource] / _cZekeriya Bingöl |
| 260 |
_aİstanbul : _bErguvan Yayınevi, _c2006 |
||
| 300 | _a55 p. | ||
| 500 |
_aKaynakça var. _x |
||
| 650 | 4 | _aTarih | |
| 650 | 4 | _aHistory | |
| 650 | 0 | _aFrigler | |
| 650 | 0 | _aPhrygians | |
| 650 | 7 |
_aTRAVEL / Middle East / Turkey _2bisacsh |
|
| 856 | 4 | 0 | _uhttp://search.ebscohost.com/login.aspx?direct=true&scope=site&db=e011xww&AN=1257007 |
| 999 |
_c13823 _d13823 |
||